LIBRARY ONLINE CATALOGUE

Diet analysis : (Record no. 8446)

MARC details
000 -LEADER
fixed length control field 00650cam a22002172 4500
001 - CONTROL NUMBER
control field 0000013111
005 - DATE AND TIME OF LATEST TRANSACTION
control field 20151217152121.0
008 - FIXED-LENGTH DATA ELEMENTS--GENERAL INFORMATION
fixed length control field 090603s xx 000 0 eng d
020 ## - INTERNATIONAL STANDARD BOOK NUMBER
International Standard Book Number 0801671663 :
040 ## - CATALOGING SOURCE
Original cataloging agency KABU
Transcribing agency KABU
100 1# - MAIN ENTRY--PERSONAL NAME
Personal name Wardlaw, Gordon M.
-- 0000155610
245 10 - TITLE STATEMENT
Title Diet analysis :
Remainder of title quick reference /
Statement of responsibility, etc. Gordon M. Wardlaw, Paul M. Insel.
250 ## - EDITION STATEMENT
Edition statement 1st ed.
260 ## - PUBLICATION, DISTRIBUTION, ETC. (IMPRINT)
Place of publication, distribution, etc. St. Louis, MO. :
Name of publisher, distributor, etc. Mosby-Year Book,
Date of publication, distribution, etc. 1992.
300 ## - PHYSICAL DESCRIPTION
Extent 61 p.
650 #0 - SUBJECT ADDED ENTRY--TOPICAL TERM
Topical term or geographic name as entry element Food
General subdivision Analysis.
-- 0000156533
700 1# - ADDED ENTRY--PERSONAL NAME
Personal name Insel, Paul M.
-- 0000150227
852 1# - LOCATION
-- p100 KES
908 ## - PUT COMMAND PARAMETER (RLIN)
Put command parameter 090603
950 ## - LOCAL HOLDINGS (RLIN)
-- 1
Holdings
Withdrawn status Lost status Source of classification or shelving scheme Not for loan Home library Current library Date acquired Total Checkouts Full call number Barcode Date last seen Price effective from Koha item type
    Library of Congress Classification   Kabarak, Main Campus Kabarak, Main Campus 17/12/2015   TX531 .W37 1992 c. 1 17759 17/12/2015 17/12/2015 General Collection